Informe de la encuesta sobre inmigrantes centroamericanos en Costa Rica /
El documento es un informe acerca de una encuesta acerca de los inmigrantes en Centroamérica en Costa Rica.
Gorde:
| Egile nagusia: | |
|---|---|
| Erakunde egilea: | |
| Formatua: | Texto |
| Hizkuntza: | Spanish |
| Argitaratua: |
San José, Costa Rica:
Sociedad Interamericana de Planificación (SIAP). Consejo Superior Universitario Centroamericano (CSUCA). Universidad para la Paz (UPAZ) ;
1984
|
| Gaiak: | |
| Etiketak: |
Etiketa erantsi
Etiketarik gabe, Izan zaitez lehena erregistro honi etiketa jartzen!
|
MARC
| LEADER | 00000 a a2200000 04500 | ||
|---|---|---|---|
| 001 | 21260 | ||
| 003 | cru CIDCAS/IIS | ||
| 005 | 20230321133455.0 | ||
| 008 | 220323s1984 cr|||||| |||| 00| 0 spa d | ||
| 020 | |a [sin ISBN] | ||
| 040 | |a Centro de Recursos para el Aprendizaje y la Investigación |c cru IIS |b español | ||
| 090 | |a 01.02.01 V422i | ||
| 100 | |a Vega Carballo, José Luis | ||
| 110 | |a Universidad de Costa Rica | ||
| 245 | |a Informe de la encuesta sobre inmigrantes centroamericanos en Costa Rica / |c José Luis Vega Carballo | ||
| 260 | |a San José, Costa Rica: |b Sociedad Interamericana de Planificación (SIAP). Consejo Superior Universitario Centroamericano (CSUCA). Universidad para la Paz (UPAZ) ; |c 1984 | ||
| 300 | |a 14 páginas | ||
| 500 | |a Colección Centroamérica | ||
| 520 | 3 | |a El documento es un informe acerca de una encuesta acerca de los inmigrantes en Centroamérica en Costa Rica. | |
| 650 | 0 | 0 | |0 TESAUROS |9 9 |a INMIGRANTES |
| 650 | 0 | 0 | |9 6354 |a ENCUESTAS |
| 651 | 0 | |9 32 |a COSTA RICA | |
| 852 | 1 | 1 | |a 01.02.01 V422i |
| 942 | |2 ddc |c LI |h 01.02.01 V422i |k 01.02.01 |m V422i |6 010201_V422I | ||
| 999 | |c 4400 |d 4400 | ||
